<?xml version="1.0" encoding="UTF-8"?>
<collection xmlns:xsi="http://www.w3.org/2001/XMLSchema-instance" xsi:schemaLocation="http://www.loc.gov/MARC21/slim http://www.loc.gov/standards/marcxml/schema/MARC21slim.xsd" xmlns="http://www.loc.gov/MARC21/slim">
 <record>
  <leader>00000ccm a22000004a 4500</leader>
  <controlfield tag="001">UP-99796217606620323</controlfield>
  <controlfield tag="003">Buklod</controlfield>
  <controlfield tag="005">20230503092542.0</controlfield>
  <controlfield tag="006">a     r    |||| u|</controlfield>
  <controlfield tag="007">qu</controlfield>
  <controlfield tag="008">030114s1976    xx |||||||||||||| | eng d</controlfield>
  <datafield tag="035" ind1=" " ind2=" ">
   <subfield code="a">(iLib)UPD-00000409714</subfield>
  </datafield>
  <datafield tag="040" ind1=" " ind2=" ">
   <subfield code="a">DMUS</subfield>
  </datafield>
  <datafield tag="041" ind1="0" ind2=" ">
   <subfield code="a">lat</subfield>
  </datafield>
  <datafield tag="090" ind1=" " ind2=" ">
   <subfield code="a">LP 3299</subfield>
  </datafield>
  <datafield tag="100" ind1="1" ind2=" ">
   <subfield code="a">Poulenc, Francis</subfield>
   <subfield code="d">1899-1963</subfield>
  </datafield>
  <datafield tag="245" ind1="1" ind2="0">
   <subfield code="a">Gloria. Piano concerto</subfield>
   <subfield code="h">[sound recording]</subfield>
   <subfield code="c">Francis Poulenc.</subfield>
  </datafield>
  <datafield tag="264" ind1=" " ind2="1">
   <subfield code="a">Hayes, Middlesex</subfield>
   <subfield code="b">EMI Records Ltd.</subfield>
   <subfield code="c">c1976.</subfield>
  </datafield>
  <datafield tag="300" ind1=" " ind2=" ">
   <subfield code="a">1 sound disc</subfield>
   <subfield code="b">33 1/3 rpm, stereo.</subfield>
   <subfield code="c">12 in.</subfield>
  </datafield>
  <datafield tag="500" ind1=" " ind2=" ">
   <subfield code="a">Program notes by James Harding on slipcase.</subfield>
  </datafield>
  <datafield tag="511" ind1="0" ind2=" ">
   <subfield code="a">Norma Burrowes, soprano; Cristina Ortiz, piano; City of Birmingham Symphony Orchestra; Louis Fremaux, conductor.</subfield>
  </datafield>
  <datafield tag="650" ind1=" " ind2="4">
   <subfield code="a">Gloria in excelsis Deo (Music).</subfield>
  </datafield>
  <datafield tag="650" ind1=" " ind2="4">
   <subfield code="a">Choruses, Sacred (Mixed voices) with orchestra.</subfield>
  </datafield>
  <datafield tag="650" ind1=" " ind2="4">
   <subfield code="a">Concertos (Piano).</subfield>
  </datafield>
  <datafield tag="700" ind1="1" ind2=" ">
   <subfield code="a">Poulenc, Francis</subfield>
   <subfield code="d">1899-1963.</subfield>
   <subfield code="m">piano.</subfield>
   <subfield code="t">Concertos.</subfield>
  </datafield>
  <datafield tag="700" ind1="1" ind2=" ">
   <subfield code="a">Fremaux, Louis.</subfield>
  </datafield>
  <datafield tag="700" ind1="1" ind2=" ">
   <subfield code="a">Burrowes, Norma.</subfield>
  </datafield>
  <datafield tag="700" ind1="1" ind2=" ">
   <subfield code="a">Ortiz, Cristina.</subfield>
  </datafield>
  <datafield tag="710" ind1="2" ind2=" ">
   <subfield code="a">City of Birmingham Symphony Orchestra.</subfield>
  </datafield>
  <datafield tag="842" ind1=" " ind2=" ">
   <subfield code="a">Music</subfield>
  </datafield>
  <datafield tag="905" ind1=" " ind2=" ">
   <subfield code="a">FO</subfield>
  </datafield>
  <datafield tag="950" ind1=" " ind2=" ">
   <subfield code="a">Sound recording</subfield>
  </datafield>
  <datafield tag="852" ind1="0" ind2=" ">
   <subfield code="a">UPD</subfield>
   <subfield code="b">DMUS</subfield>
   <subfield code="h">LP 3299</subfield>
  </datafield>
  <datafield tag="942" ind1=" " ind2=" ">
   <subfield code="a">Music</subfield>
  </datafield>
 </record>
</collection>
